Attitude determination and control of a CubeSat nanosatellite

Enregistré dans:
Détails bibliographiques
Auteur principal: Mamarasulov, Jokhongir (Auteur)
Autres auteurs: Gulan, Martin (Directeur de thèse)
Format: Manuscrit Livre
Langue:slovaque
anglais
Publié: 2018
Sujets:
Accès en ligne:http://is.stuba.sk/zp/portal_zp.pl?podrobnosti=139401
Tags: Ajouter un tag
Pas de tags, Soyez le premier à ajouter un tag!

MARC

LEADER 00000ntm a22000003a 4500
001 stuzp69572
003 SK-STU
005 20180820161612.4
007 ta
008 150427s2015----xo-----f-mn---000-0-slo-d
040 |a STU  |b slo 
041 0 |a eng 
100 1 |a Mamarasulov, Jokhongir  |u 020020  |4 aut  |U SjF Strojnícka fakulta  |T SjF Ústav automatizácie, merania a aplikovanej informatiky  |X 61607  |U J0020  |Y 802  |7 61607 
242 0 1 |a Určovanie a riadenie polohy CubeSat nanosatelitu  |y slo 
245 1 0 |a Attitude determination and control of a CubeSat nanosatellite 
260 |c 2018 
650 4 |a CubeSat  |2 slo 
650 4 |a lineárne kvadratické riadenie  |2 slo 
650 4 |a magnetické riadenie  |2 slo 
650 4 |a Matlab  |2 slo 
650 4 |a nanosatelit  |2 slo 
650 4 |a prediktívne riadenie  |2 slo 
650 4 |a CubeSat  |2 eng 
650 4 |a linear quadratic control  |2 eng 
650 4 |a magnetic control  |2 eng 
650 4 |a Matlab  |2 eng 
650 4 |a model predictive control  |2 eng 
650 4 |a nanosatellite  |2 eng 
700 1 |a Gulan, Martin  |u 020020  |k Z1  |4 ths  |U SjF Strojnícka fakulta  |T SjF Ústav automatizácie, merania a aplikovanej informatiky  |X 49587  |U J0020  |Y 802  |7 A000049587 
856 4 |u http://is.stuba.sk/zp/portal_zp.pl?podrobnosti=139401 
996 |b 284J046071  |c J* 3181/DDP  |l JJSK  |s A  |a 24  |w stuzp69572_0001